الإعاقة السمعية / (رقم التسجيلة. 66754)

تفاصيل مارك
000 -LEADER
fixed length control field 00510nam a22001817a 4500
005 - DATE AND TIME OF LATEST TRANSACTION
control field 20251108171942.0
008 - FIXED-LENGTH DATA ELEMENTS--GENERAL INFORMATION
fixed length control field 250721s2002 xx 000 0 ara d
082 14 - DEWEY DECIMAL CLASSIFICATION NUMBER
Classification number 371.912/صفد
100 1# - MAIN ENTRY--PERSONAL NAME
Personal name الصفدي، عصام حمدي
245 10 - TITLE STATEMENT
Title الإعاقة السمعية /
264 1# - PRODUCTION, PUBLICATION, DISTRIBUTION, MANUFACTURE, AND COPYRIGHT NOTICE
Place of production, publication, distribution, manufacture عمان :
Name of producer, publisher, distributor, manufacturer دار اليازوري للنشر،
Date of production, publication, distribution, manufacture, or copyright notice 2002.
300 ## - PHYSICAL DESCRIPTION
Extent 304ص.
650 17 - SUBJECT ADDED ENTRY--TOPICAL TERM
Topical term or geographic name as entry element التربية الخاصة
650 17 - SUBJECT ADDED ENTRY--TOPICAL TERM
Topical term or geographic name as entry element المعوقون
650 17 - SUBJECT ADDED ENTRY--TOPICAL TERM
Topical term or geographic name as entry element الصم
942 ## - ADDED ENTRY ELEMENTS (KOHA)
Source of classification or shelving scheme Dewey Decimal Classification
Koha item type كتب
المقتنيات
حالة السحب حالة الفقدان مصدر التصنيف حالة التلف غير قابل للإعارة المكتبة الرئيسية المكتبة الحالية موقع الرف تاريخ التزويد الرقم المتسلسل Total Checkouts رقم الإستدعاء الباركود تاريخ آخر ظهور تاريخ الفاتورة نوع المادة (كوها)
    Dewey Decimal Classification     المكتبة المركزية المكتبة المركزية الإعارة 06/07/2004 488318   371.912/صفد 488318 28/07/2025 06/07/2004 كتب
    Dewey Decimal Classification     المكتبة المركزية المكتبة المركزية مقتنيات قسم التزويد 06/07/2004 488317   371.912/صفد 488317 28/07/2025 06/07/2004 كتب
    Dewey Decimal Classification     المكتبة المركزية المكتبة المركزية الإعارة 31/03/2011 1440211   371.912/صفد PLD00199183 28/07/2025 31/03/2011 كتب
    Dewey Decimal Classification     المكتبة المركزية المكتبة المركزية مقتنيات قسم التزويد 28/07/2025 1729447   371.912/صفد   28/07/2025 28/07/2025 كتب
    Dewey Decimal Classification     مكتبة أبو علندا العامة مكتبة أبو علندا العامة الإعارة 06/07/2004 488336   371.912/صفد 488336 28/07/2025 06/07/2004 كتب
    Dewey Decimal Classification     مكتبة أم قصير والمقابلين العامة مكتبة أم قصير والمقابلين العامة الإعارة 28/07/2025 488325   371.912/صفد 488325 28/07/2025 28/07/2025 كتب
    Dewey Decimal Classification Unchecked   مكتبة الأميرة ايمان العامة مكتبة الأميرة ايمان العامة الإعارة 28/07/2025 488327   371.912/صفد   28/07/2025 28/07/2025 كتب
    Dewey Decimal Classification Unchecked   مكتبة الاميرة بديعة مكتبة الاميرة بديعة الإعارة 06/07/2004 488330   371.912/صفد   28/07/2025 06/07/2004 كتب
    Dewey Decimal Classification     مكتبة البراعم الواعدة مكتبة البراعم الواعدة الإعارة 20/06/2015 1474008   371.912/صفد PLD00332704 28/07/2025 20/06/2015 كتب
    Dewey Decimal Classification     مكتبة الحسن العامة مكتبة الحسن العامة الإعارة 28/07/2025 488332   371.912/صفد 488332 28/07/2025 28/07/2025 كتب
    Dewey Decimal Classification     مكتبة حمزة العامة مكتبة حمزة العامة الإعارة 06/07/2004 488333   371.912/صفد 488333 28/07/2025 06/07/2004 كتب
    Dewey Decimal Classification     مكتبة صويلح العامة مكتبة صويلح العامة الإعارة 06/07/2004 488328   371.912/صفد 488328 28/07/2025 06/07/2004 كتب
    Dewey Decimal Classification     مكتبة وادي السير العامة مكتبة وادي السير العامة الإعارة 28/07/2025 488337   371.912/صفد 488337 28/07/2025 28/07/2025 كتب
Implemented & Customized by: BBB with SCIT (Smart Chains for Information Technology)

Powered by Koha